[Event "16. Bayer Open"]
[Site "Leverkusen"]
[Date "2018.01.15"]
[Round "2.16"]
[White "ter Steeg, Marcus"]
[Black "Pützkaul, Karl"]
[Result "1-0"]
[WhiteElo "2066"]
[BlackElo "1881"]
[PlyCount "131"]
[EventDate "2018.??.??"]
[WhiteTeam "SF Essen-Werden"]
[BlackTeam "SC Bayer Leverkusen"]

1. d4 e6 2. c4 f5 3. Nf3 Nf6 4. g3 Be7 5. Bg2 d5 6. O-O c6 7. Nc3 O-O 8. Qc2
Qe8 9. Rb1 Ne4 10. b4 Nd7 11. b5 Nb6 12. Ne5 Bf6 13. Ba3 Bxe5 14. Bxf8 Bxd4 15.
Nxe4 fxe4 16. Bb4 Nxc4 17. Bxe4 g6 18. Bd3 cxb5 19. Bxc4 bxc4 20. e4 Qf7 21.
Rfd1 Bb6 22. Re1 Bd7 23. a4 Qf3 24. a5 Bd4 25. Qd2 e5 26. Qe2 Qxe2 27. Rxe2 Bc6
28. exd5 Bxd5 29. Bd6 Re8 30. Rb5 Bc6 31. Rb4 Bf3 32. Rc2 c3 33. Rc4 Be4 34.
Rc1 c2 35. Bb4 Bd3 36. Rc7 Bb2 37. R1xc2 Bxc2 38. Rxc2 Bd4 39. Rc7 b6 40. a6 b5
41. Bc5 Bxc5 42. Rxc5 Re6 43. Rc8+ Kf7 44. Rc7+ Re7 45. Rb7 b4 46. Rxb4 Kf6 47.
Rb7 h5 48. h4 Ke6 49. Kg2 Kd6 50. Rb8 Re6 51. Rb7 Re7 52. Rxe7 Kxe7 53. Kf3 Kd6
54. Ke4 Kc5 55. Kxe5 Kb6 56. Kf6 Kxa6 57. Kxg6 Kb5 58. f4 a5 59. f5 a4 60. f6
a3 61. f7 a2 62. f8=Q a1=Q 63. Qf5+ Kc4 64. Kxh5 Qh8+ 65. Kg4 Qg7+ 66. Kh3 1-0

[Event "16. Bayer Open"]
[Site "Leverkusen"]
[Date "2018.01.15"]
[Round "2.17"]
[White "Antar Badal, Azadi"]
[Black "Neubauer, Jürgen"]
[Result "0-1"]
[WhiteElo "1856"]
[BlackElo "2046"]
[PlyCount "126"]
[EventDate "2018.??.??"]
[WhiteTeam "Königsspringer Leverkusen"]
[BlackTeam "SK Turm Euskirchen"]

1. e4 g6 2. d4 Bg7 3. Nf3 d6 4. c4 Nd7 5. Nc3 e5 6. d5 Ne7 7. Be3 O-O 8. Qd2 a5
9. Bd3 b6 10. h3 Nc5 11. Bc2 Bd7 12. g4 Kh8 13. Nb5 Bxb5 14. cxb5 Qd7 15. a4 f5
16. Ng5 Nxe4 17. Bxe4 fxe4 18. Ne6 Rf3 19. Rd1 Re8 20. Qc2 Nxd5 21. Qxe4 Nxe3
22. fxe3 Rf6 23. Nxg7 Kxg7 24. Ke2 Qf7 25. Rhf1 Rf8 26. Rxf6 Qxf6 27. Kd3 d5
28. Qg2 e4+ 29. Kc2 Qd6 30. Qd2 Rd8 31. g5 c5 32. bxc6 Qxc6+ 33. Qc3+ Qxc3+ 34.
Kxc3 Kf7 35. Rf1+ Ke6 36. Rf6+ Ke5 37. Rxb6 Rc8+ 38. Kd2 Kf5 39. Rb5 Kxg5 40.
Rxd5+ Kh4 41. Rxa5 Kxh3 42. Re5 Kg3 43. Rxe4 h5 44. Re5 Kg4 45. Re4+ Kf3 46.
Re5 h4 47. Rg5 Rg8 48. Rg1 h3 49. Rf1+ Kg2 50. Ke2 h2 51. Rf2+ Kg3 52. Rf3+ Kg4
53. Rf4+ Kg5 54. Rf1 Rb8 55. Rh1 Kg4 56. e4 Rxb2+ 57. Ke3 Kh3 58. e5 Kg2 59.
Rxh2+ Kxh2 60. Kd3 g5 61. Kc3 Re2 62. Kd4 Ra2 63. e6 Rxa4+ 0-1

[Event "16. Bayer Open"]
[Site "Leverkusen"]
[Date "2018.01.15"]
[Round "2.18"]
[White "Kies, Werner"]
[Black "Heyn, Peter"]
[Result "1/2-1/2"]
[WhiteElo "2036"]
[BlackElo "1863"]
[PlyCount "110"]
[EventDate "2018.??.??"]
[WhiteTeam "SC Bayer Leverkusen"]
[BlackTeam "SV Hilden"]

1. e4 e6 2. d4 d5 3. Nd2 Nc6 4. Bb5 Nf6 5. e5 Nd7 6. Ne2 a6 7. Ba4 b5 8. Bb3
Na5 9. O-O c5 10. c3 cxd4 11. cxd4 Qb6 12. Bc2 Nc4 13. Nf3 f6 14. exf6 Nxf6 15.
Ng5 Bd6 16. Qd3 e5 17. dxe5 Nxe5 18. Qb3 h6 19. Nf3 Be6 20. Nxe5 Bxe5 21. Nf4
Bxf4 22. Bxf4 O-O 23. Be5 d4 24. Qg3 Bc4 25. Rfd1 d3 26. Rxd3 Bxd3 27. Bxd3
Rae8 28. h3 Nh5 29. Bc7 Qc6 30. Qg6 Nf6 31. Bf4 Kh8 32. Rc1 Qe6 33. Rc5 Ne4 34.
Qxe6 Rxe6 35. Bxe4 Rxe4 36. Be3 Re6 37. Rc7 Kg8 38. a3 Rf7 39. Rc8+ Kh7 40. Rc5
Rd7 41. Rc1 Red6 42. Kf1 Rd1+ 43. Rxd1 Rxd1+ 44. Ke2 Rd5 45. Bd2 g5 46. f4 Kg6
47. fxg5 hxg5 48. Bc3 Kf5 49. Ke3 Rd7 50. Bb4 Rc7 51. Bc3 Rc4 52. Kf3 g4+ 53.
hxg4+ Rxg4 54. g3 Rc4 55. Bd2 Rg4 1/2-1/2

[Event "16. Bayer Open"]
[Site "Leverkusen"]
[Date "2018.01.15"]
[Round "2.19"]
[White "Ziabari, Morteza"]
[Black "Gula, Julian"]
[Result "1/2-1/2"]
[WhiteElo "1845"]
[BlackElo "2025"]
[PlyCount "43"]
[EventDate "2018.??.??"]
[WhiteTeam "Kettwiger SG"]
[BlackTeam "SF Düsseldorf-Süd"]

1. e4 e5 2. Nf3 Nc6 3. Bc4 Nf6 4. d3 Be7 5. Nc3 O-O 6. Be3 d6 7. Qd2 Ng4 8. a3
Nxe3 9. fxe3 Kh8 10. O-O-O a6 11. Rdg1 b5 12. Bd5 Bb7 13. h4 Qb8 14. Ng5 Nd8
15. Qe2 g6 16. Rf1 Kg7 17. g4 a5 18. Bxb7 Qxb7 19. Nd5 c6 20. Nxe7 Qxe7 21. Qh2
Ne6 22. Rf3 1/2-1/2

[Event "16. Bayer Open"]
[Site "Leverkusen"]
[Date "2018.01.15"]
[Round "2.21"]
[White "German, Raphael"]
[Black "Vranidis, Athanassios"]
[Result "1/2-1/2"]
[WhiteElo "1833"]
[BlackElo "1958"]
[PlyCount "135"]
[EventDate "2018.??.??"]
[BlackTeam "SG Solingen"]

1. e4 c5 2. Nf3 d6 3. d4 cxd4 4. Nxd4 Nf6 5. Nc3 a6 6. Be2 e5 7. Nb3 Be7 8. Be3
Be6 9. Qd2 b5 10. f3 Nbd7 11. g4 h6 12. h4 Nb6 13. Bxb6 Qxb6 14. O-O-O Rc8 15.
Kb1 b4 16. Nd5 Bxd5 17. exd5 a5 18. Qd3 Nd7 19. Qb5 Qxb5 20. Bxb5 Ra8 21. Nd2
Kd8 22. Ne4 a4 23. Rd3 Ra5 24. Bc6 Nb6 25. a3 bxa3 26. Rxa3 Nxd5 27. Rxa4 Rxa4
28. Bxa4 Nb6 29. Bb3 Kc7 30. Nc3 Kd7 31. Nd5 Nxd5 32. Bxd5 f6 33. h5 Rc8 34. c4
Bd8 35. Kc2 Bb6 36. b4 Bd4 37. Kd3 Rc7 38. Rb1 Ra7 39. b5 Bb6 40. Ke4 Ke7 41.
Kf5 Ra3 42. Re1 Bd4 43. Rb1 Bb6 44. Kg6 Kf8 45. Rd1 Ra2 46. Be4 Bd4 47. Kf5 Ke7
48. Bd3 Ra3 49. Be4 Ra4 50. Bd5 Rb4 51. Rd3 Ra4 52. Ke4 Ra1 53. Bg8 Kd7 54. Kd5
Ra4 55. Rxd4 exd4 56. Kxd4 Kc7 57. Ke4 Ra3 58. Bd5 Kd8 59. Kf5 Ke7 60. Kg6 Kf8
61. b6 Rb3 62. b7 Rb6 63. Kf5 Ke7 64. Ke4 Kd7 65. Kf5 Ke7 66. Ke4 Kd7 67. Kd4
Kc7 68. Ke4 1/2-1/2

[Event "16. Bayer Open"]
[Site "Leverkusen"]
[Date "2018.01.15"]
[Round "2.22"]
[White "Moors, Christoph"]
[Black "Baier, Uwe"]
[Result "1-0"]
[WhiteElo "2068"]
[BlackElo "1834"]
[PlyCount "87"]
[EventDate "2018.??.??"]
[WhiteTeam "SC Erkrath"]
[BlackTeam "Schachuzipus Köln-Mülheim"]

1. d4 d5 2. c4 e6 3. Nc3 Nf6 4. cxd5 exd5 5. Bg5 Be7 6. e3 O-O 7. Bd3 c6 8. Qc2
Nbd7 9. Nf3 h6 10. Bh4 Re8 11. O-O Nf8 12. Ne5 Bd7 13. h3 Rc8 14. f4 b5 15.
Bxf6 Bxf6 16. Qf2 Rc7 17. Kh1 Bxe5 18. fxe5 Be6 19. Ne2 Qd7 20. Nf4 Bf5 21.
Rac1 Bxd3 22. Nxd3 Ne6 23. Rc2 Qe7 24. Rfc1 Nd8 25. a3 a5 26. Qe1 Ra7 27. e4
dxe4 28. Qxe4 b4 29. axb4 axb4 30. Rc4 Rb7 31. Ra1 b3 32. Rc3 f6 33. Ra3 fxe5
34. dxe5 Nf7 35. Qxc6 Reb8 36. Qc4 Kh8 37. Raxb3 Rxb3 38. Rxb3 Rxb3 39. Qxb3
Qf8 40. Qd5 Nxe5 41. Nxe5 Qf1+ 42. Kh2 Qf4+ 43. g3 Qf6 44. Qd8+ 1-0

[Event "16. Bayer Open"]
[Site "Leverkusen"]
[Date "2018.01.15"]
[Round "2.23"]
[White "Multhauf, Stefan"]
[Black "Meul, Willi"]
[Result "1/2-1/2"]
[WhiteElo "1664"]
[BlackElo "1931"]
[PlyCount "62"]
[EventDate "2018.??.??"]
[WhiteTeam "Königsspringer Leverkusen"]
[BlackTeam "SV Hürth-Berrenrath"]

1. d4 d5 2. Bf4 e6 3. e3 Nf6 4. c3 b6 5. Nd2 Bb7 6. Bd3 Nbd7 7. Ngf3 c5 8. Qe2
Ne4 9. Bb5 a6 10. Bxd7+ Qxd7 11. Ne5 Qb5 12. Nxe4 dxe4 13. a4 Qxe2+ 14. Kxe2 a5
15. Nc4 Ba6 16. b3 Be7 17. Kd2 Bxc4 18. bxc4 Kd7 19. Rab1 Kc6 20. Rb2 Ra7 21.
Rhb1 Rb7 22. f3 exf3 23. gxf3 g5 24. Bg3 h5 25. e4 cxd4 26. cxd4 Bb4+ 27. Kd3
f6 28. d5+ Kd7 29. Be1 Bxe1 30. Rxe1 Rc8 31. Rb5 Rc5 1/2-1/2

[Event "16. Bayer Open"]
[Site "Leverkusen"]
[Date "2018.01.15"]
[Round "2.24"]
[White "Balduan, Karl-Heinz"]
[Black "Reif, Frank"]
[Result "0-1"]
[WhiteElo "1600"]
[BlackElo "1845"]
[PlyCount "52"]
[EventDate "2018.??.??"]
[WhiteTeam "Königsspringer Leverkusen"]
[BlackTeam "TV Witzhelden"]

1. d4 Nf6 2. Nf3 g6 3. Bf4 Bg7 4. e3 O-O 5. Be2 d6 6. Nbd2 Nbd7 7. c3 c5 8. Qb3
a6 9. a4 Nh5 10. Bg3 Nxg3 11. hxg3 Qb6 12. Qc2 Nf6 13. Ng5 h6 14. Nh3 cxd4 15.
exd4 Bf5 16. Qc1 Rac8 17. a5 Qc7 18. Nc4 e5 19. Nb6 Rcd8 20. d5 Nd7 21. Nxd7
Bxd7 22. f3 Rde8 23. Nf2 f5 24. Ra4 Bxa4 25. b3 Bxb3 26. Qb2 Bxd5 0-1

[Event "16. Bayer Open"]
[Site "Leverkusen"]
[Date "2018.01.15"]
[Round "2.25"]
[White "Werthmann, Martin-Lorenz"]
[Black "Witte, Volker"]
[Result "1-0"]
[WhiteElo "1363"]
[BlackElo "1836"]
[PlyCount "59"]
[EventDate "2018.??.??"]
[WhiteTeam "Kölner SK Dr. Lasker"]
[BlackTeam "SF Schlebusch"]

1. e4 c6 2. d4 d5 3. e5 Bf5 4. f4 e6 5. Nf3 Nh6 6. Bd3 Nd7 7. O-O c5 8. c3 cxd4
9. cxd4 Qb6 10. a3 Rc8 11. Nc3 a6 12. Ne2 Be7 13. Kh1 Nb8 14. Bxf5 Nxf5 15. g4
Nh4 16. Nxh4 Bxh4 17. g5 h6 18. gxh6 g6 19. b4 Kd7 20. Be3 Be7 21. Qd3 Bf8 22.
Nc3 Rc4 23. Ne4 Bxh6 24. Nd6 Qc6 25. Nxf7 Rc3 26. Qxg6 Rxe3 27. Nxh8 Bf8 28.
Qf7+ Be7 29. Ng6 Kd8 30. Qxe7+ 1-0

[Event "16. Bayer Open"]
[Site "Leverkusen"]
[Date "2018.01.15"]
[Round "2.26"]
[White "Garcia Unterbusch, Juan"]
[Black "Jansen-Karanatsios, Michael"]
[Result "0-1"]
[WhiteElo "1456"]
[BlackElo "1717"]
[PlyCount "60"]
[EventDate "2018.??.??"]
[WhiteTeam "Pulheimer SC"]
[BlackTeam "Kölner SK Dr. Lasker"]

1. e4 c5 2. Nf3 Nc6 3. d4 cxd4 4. Nxd4 Nf6 5. Nc3 e5 6. Nf3 Bb4 7. Bd3 O-O 8.
O-O Bxc3 9. bxc3 d5 10. exd5 Qxd5 11. Be2 Qxd1 12. Rxd1 Bf5 13. Ba3 Rfd8 14.
Rac1 Rxd1+ 15. Bxd1 Rd8 16. Bb2 Ne4 17. c4 f6 18. c3 Nd2 19. Bb3 Nxb3 20. axb3
Na5 21. b4 Nxc4 22. Ba1 Be4 23. Ne1 b5 24. f3 Bg6 25. h3 Rd2 26. g4 Kf7 27. Ng2
h5 28. Re1 hxg4 29. hxg4 Ra2 30. Rd1 Rxg2+ 0-1

[Event "16. Bayer Open"]
[Site "Leverkusen"]
[Date "2018.01.15"]
[Round "2.27"]
[White "Roder, Stephan"]
[Black "Kamphausen, Johannes-Dieter"]
[Result "0-1"]
[WhiteElo "1399"]
[BlackElo "1898"]
[PlyCount "78"]
[EventDate "2018.??.??"]
[WhiteTeam "Bergische SF"]
[BlackTeam "SV Springer Hitdorf"]

1. d4 d5 2. Nf3 Nf6 3. Bg5 Ne4 4. Bh4 h6 5. e3 g5 6. Bg3 Nxg3 7. hxg3 Bg7 8. c3
Nd7 9. Qb3 c6 10. Nbd2 Qb6 11. Qxb6 Nxb6 12. a4 Bf5 13. a5 Nd7 14. b4 e5 15.
Nb3 Bc2 16. Nfd2 Bg6 17. Nc5 Rb8 18. Nxd7 Kxd7 19. Nb3 Kd6 20. Be2 exd4 21.
cxd4 b6 22. a6 Bc2 23. Ra3 Ke6 24. Na1 Bg6 25. O-O f5 26. f4 g4 27. Nb3 Bf8 28.
Ra4 Be8 29. Ra2 Bxb4 30. Rb1 Bd6 31. Rab2 Bd7 32. Nd2 h5 33. Kf2 b5 34. Nb3 Rb6
35. Ra2 Rbb8 36. Rh1 Be7 37. Na5 h4 38. gxh4 Bxh4+ 39. Kf1 Bg3 0-1

[Event "16. Bayer Open"]
[Site "Leverkusen"]
[Date "2018.01.15"]
[Round "2.28"]
[White "Plitzner, Hans Joachim"]
[Black "Pyrowicz, Jacek"]
[Result "0-1"]
[WhiteElo "1581"]
[BlackElo "1825"]
[PlyCount "70"]
[EventDate "2018.??.??"]
[WhiteTeam "Kölner SK Dr. Lasker"]
[BlackTeam "SV Wermelskirchen"]

1. d4 Nf6 2. Nf3 e6 3. e3 b6 4. Bd3 Bb7 5. Nbd2 d5 6. Qe2 Ne4 7. Ne5 Bd6 8. O-O
O-O 9. f3 Nxd2 10. Bxd2 f6 11. Ng4 c5 12. c3 Nd7 13. f4 f5 14. Ne5 Nf6 15. Be1
c4 16. Bc2 b5 17. Bh4 Qc7 18. h3 g6 19. g4 a5 20. Kh2 Nd7 21. Rg1 Nxe5 22. fxe5
Be7 23. Bxe7 Qxe7 24. Raf1 Kh8 25. gxf5 gxf5 26. Rg2 Rg8 27. Rfg1 Qh4 28. Qf3
Qh6 29. Qf4 Qxf4+ 30. exf4 Rxg2+ 31. Rxg2 Bc6 32. Bd1 Be8 33. Kg1 b4 34. Rg3
Rb8 35. cxb4 Rxb4 0-1

[Event "16. Bayer Open"]
[Site "Leverkusen"]
[Date "2018.01.15"]
[Round "2.30"]
[White "Reinartz, Ulrich"]
[Black "Bigott, Martin"]
[Result "0-1"]
[WhiteElo "1624"]
[BlackElo "1807"]
[PlyCount "82"]
[EventDate "2018.??.??"]
[WhiteTeam "TV Witzhelden"]
[BlackTeam "SF Lohmar"]

1. e4 Nf6 2. e5 Nd5 3. d4 d6 4. c4 Nb6 5. Nf3 Bg4 6. Be2 e6 7. Nc3 N8d7 8. Bf4
Be7 9. O-O O-O 10. b3 f6 11. h3 fxe5 12. hxg4 exf4 13. Re1 e5 14. dxe5 dxe5 15.
Nd5 e4 16. Nd4 Nxd5 17. Ne6 Nc3 18. Qd2 Nxe2+ 19. Rxe2 e3 20. fxe3 fxe3 21. Qd5
Nf6 22. Qxd8 Rfxd8 23. Nxd8 Rxd8 24. Kh2 Nxg4+ 25. Kg3 h5 26. Rh1 g6 27. Kf4
Rd4+ 28. Kf3 Bd6 29. g3 Bb4 30. a3 Bd2 31. Rb1 Ne5+ 32. Kg2 Rg4 33. Rh1 c5 34.
Rh4 Rxh4 35. gxh4 Nd3 36. Kf3 Kg7 37. Ke4 Nc1 38. Rg2 e2 39. Rxe2 Nxe2 40. Kd3
Bc1 41. Kxe2 Bxa3 0-1

[Event "16. Bayer Open"]
[Site "Leverkusen"]
[Date "2018.01.15"]
[Round "2.31"]
[White "Rudolph, Eva"]
[Black "Diaubalick, Ulrich"]
[Result "0-1"]
[WhiteElo "1757"]
[BlackElo "1623"]
[PlyCount "106"]
[EventDate "2018.??.??"]
[WhiteTeam "Düsseldorfer SK"]
[BlackTeam "SF Düsseldorf-Süd"]

1. e4 e6 2. d4 b6 3. Bd3 Bb7 4. Nf3 Nf6 5. Qe2 Be7 6. c4 d5 7. cxd5 exd5 8. e5
Ne4 9. Nbd2 Ng5 10. Nxg5 Bxg5 11. O-O O-O 12. f4 Bh6 13. f5 c5 14. Qh5 Qg5 15.
Qd1 Qe3+ 16. Kh1 Qxd3 17. dxc5 bxc5 18. f6 d4 19. Qe1 Qg6 20. Nf3 Bxc1 21. Rxc1
Nd7 22. fxg7 Rfe8 23. Nh4 Qe4 24. Qf2 Qd5 25. e6 Qxe6 26. Nf5 Bd5 27. Qh4 Qg6
28. Rf2 Nf6 29. Rcf1 Re6 30. Ng3 Qg4 31. Qxg4 Nxg4 32. Rxf7 Bxg2+ 33. Kxg2 Ne3+
34. Kg1 Nxf1 35. Rxf1 Kxg7 36. Rf5 Rc8 37. Rd5 Re1+ 38. Kf2 Rb1 39. Nf5+ Kf6
40. b3 Rb2+ 41. Kg3 Rxa2 42. Nh4 Ra3 43. Rf5+ Ke6 44. Rf3 c4 45. bxc4 Rxf3+ 46.
Kxf3 Rxc4 47. Ng2 Ke5 48. Ne1 Rc3+ 49. Kf2 Ke4 50. Ke2 Ra3 51. h4 Ra2+ 52. Kd1
d3 53. h5 Ke3 0-1

[Event "16. Bayer Open"]
[Site "Leverkusen"]
[Date "2018.01.15"]
[Round "2.32"]
[White "Yon, Gregory"]
[Black "Blomeyer, Peter"]
[Result "0-1"]
[WhiteElo "1621"]
[BlackElo "1794"]
[PlyCount "105"]
[EventDate "2018.??.??"]
[WhiteTeam "Bergische SF"]
[BlackTeam "Königsspringer Leverkusen"]

1. d4 d6 2. Nf3 Nf6 3. Bf4 g6 4. Nc3 Bg7 5. e4 O-O 6. Be2 a6 7. Qd2 b5 8. a3
Nbd7 9. Rd1 Bb7 10. e5 Ne8 11. Bh6 Nb6 12. Bxg7 Nxg7 13. h4 dxe5 14. Nxe5 Bxg2
15. Rg1 Bd5 16. h5 Qd6 17. hxg6 fxg6 18. Nxd5 Nxd5 19. Qh6 Nf4 20. Rh1 Nfh5 21.
Bxh5 Nxh5 22. Rd3 Qf6 23. Qe3 Qf4 24. Qe2 Qg5 25. Nf3 Qc1+ 26. Rd1 Qf4 27. Rd3
Qf6 28. Rxh5 gxh5 29. Ne5 Rad8 30. Rg3+ Kh8 31. c3 Qh6 32. Kf1 Rd6 33. Kg1 Rf5
34. f3 Rdf6 35. Qg2 Rf8 36. Kh1 Qe6 37. Kg1 Rg8 38. Kh2 Rxg3 39. Qxg3 Qg8 40.
Qxg8+ Kxg8 41. Kg3 Rg5+ 42. Kh2 Kg7 43. Nd3 Rg6 44. f4 Re6 45. Ne5 Kf6 46. Kg3
Kf5 47. b3 h4+ 48. Kxh4 Kxf4 49. Nd3+ Ke3 50. Nc5 Rc6 51. a4 Rxc5 52. dxc5 bxa4
53. b4 0-1

[Event "16. Bayer Open"]
[Site "Leverkusen"]
[Date "2018.01.15"]
[Round "2.34"]
[White "Haag, Helmut"]
[Black "Meyer, Stefan"]
[Result "0-1"]
[WhiteElo "1609"]
[BlackElo "1753"]
[PlyCount "38"]
[EventDate "2018.??.??"]
[WhiteTeam "Langenfelder SF"]
[BlackTeam "SV Grevenbroich"]

1. d4 Nf6 2. c4 Nc6 3. Nf3 e6 4. e3 Bb4+ 5. Bd2 Bxd2+ 6. Nbxd2 O-O 7. a3 a5 8.
Bd3 Re8 9. O-O d6 10. Qc2 Qe7 11. Rfe1 h6 12. h3 e5 13. dxe5 Nxe5 14. Nxe5 Qxe5
15. Nf3 Qe7 16. b3 Nd7 17. b4 Ne5 18. Nxe5 Qxe5 19. Qe2 axb4 0-1

[Event "16. Bayer Open"]
[Site "Leverkusen"]
[Date "2018.01.15"]
[Round "2.35"]
[White "Liebsch, Ulrich"]
[Black "Shelukie, Magd"]
[Result "1-0"]
[WhiteElo "1780"]
[BlackElo "1592"]
[PlyCount "107"]
[EventDate "2018.??.??"]
[WhiteTeam "SC Bayer Leverkusen"]
[BlackTeam "Bergische SF"]

1. c4 g6 2. d4 Bg7 3. Nc3 d6 4. e4 Nf6 5. Nge2 c5 6. dxc5 Qa5 7. cxd6 exd6 8.
Bd2 Qb6 9. Qb3 O-O 10. Qxb6 axb6 11. Nf4 Nc6 12. Be2 Re8 13. f3 Nd4 14. Bd1 Be6
15. Nxe6 fxe6 16. O-O Nd7 17. Ba4 Re7 18. Bxd7 Rxd7 19. Rad1 Ra6 20. Be3 Nc2
21. Bf4 e5 22. Bc1 Nd4 23. Rf2 Kf7 24. Be3 Ke6 25. b3 Nc6 26. Nd5 Nd4 27. f4 b5
28. cxb5 Nxb5 29. Rc1 Rc6 30. Rfc2 exf4 31. Nxf4+ Ke5 32. Rxc6 bxc6 33. Rxc6
Kxe4 34. Bd2 Bd4+ 35. Kh1 Rf7 36. Rc1 Rxf4 37. Bxf4 Kxf4 38. a4 Nc3 39. Rf1+
Ke5 40. Rf7 h5 41. g3 d5 42. Kg2 Ne4 43. a5 Ke6 44. Rh7 Bc5 45. a6 Nf6 46. a7
Bxa7 47. Rxa7 d4 48. Kf3 Ke5 49. Ra6 g5 50. Rxf6 g4+ 51. Ke2 Kxf6 52. Kd3 Ke5
53. b4 Kd5 54. b5 1-0

[Event "16. Bayer Open"]
[Site "Leverkusen"]
[Date "2018.01.15"]
[Round "2.36"]
[White "Breuer, Achim"]
[Black "Kronseder, Michael"]
[Result "1-0"]
[WhiteElo "1584"]
[BlackElo "1763"]
[PlyCount "39"]
[EventDate "2018.??.??"]
[WhiteTeam "SV Dormagen"]
[BlackTeam "SV Hürth-Berrenrath"]

1. d4 d5 2. c4 Nc6 3. Nf3 Bg4 4. e3 e5 5. cxd5 Qxd5 6. Nc3 Bb4 7. Be2 exd4 8.
O-O Qh5 9. Nb5 O-O-O 10. Nbxd4 Nxd4 11. exd4 Ne7 12. h3 Bxf3 13. Bxf3 Qg6 14.
Qb3 Qb6 15. Be3 Ba5 16. Qxf7 Qf6 17. Qc4 Kb8 18. Qb5 Bb6 19. a4 a6 20. Qb3 1-0

[Event "16. Bayer Open"]
[Site "Leverkusen"]
[Date "2018.01.15"]
[Round "2.37"]
[White "Meckel, Helmut"]
[Black "Esser, Heinz"]
[Result "1-0"]
[WhiteElo "1762"]
[BlackElo "1582"]
[PlyCount "60"]
[EventDate "2018.??.??"]
[WhiteTeam "SG Solingen"]
[BlackTeam "SV Dormagen"]

1. e4 c5 2. d4 cxd4 3. Nf3 d6 4. Nxd4 Nf6 5. Bc4 Nc6 6. Nc3 g6 7. Nxc6 bxc6 8.
e5 d5 9. exf6 dxc4 10. Qxd8+ Kxd8 11. Bg5 Rb8 12. O-O-O+ Bd7 13. Rd4 e6 14.
Rhd1 Rb7 15. Rxc4 h6 16. Be3 Kc8 17. Ne4 Rb5 18. Ra4 a5 19. Bd2 Rd5 20. Rxa5
Kb7 21. Bc3 h5 22. f4 h4 23. Ng5 Rh5 24. Raxd5 exd5 25. Nxf7 Bc5 26. Ne5 Be6
27. Re1 Rf5 28. Nxc6 Kxc6 29. Rxe6+ Kd7 30. Re5 Be3+ 1-0

[Event "16. Bayer Open"]
[Site "Leverkusen"]
[Date "2018.01.15"]
[Round "2.38"]
[White "Müller, Horst"]
[Black "Elshani, Shaip"]
[Result "0-1"]
[WhiteElo "1580"]
[BlackElo "1752"]
[PlyCount "90"]
[EventDate "2018.??.??"]
[WhiteTeam "SV Springer Hitdorf"]
[BlackTeam "SC Bayer Leverkusen"]

1. Nf3 d5 2. d4 e6 3. c4 Nf6 4. Nc3 c6 5. e3 Bb4 6. a3 Bxc3+ 7. bxc3 O-O 8. Bd3
Nbd7 9. O-O dxc4 10. Bxc4 Nb6 11. Bd3 h6 12. c4 Re8 13. Bb2 Nbd7 14. Re1 b6 15.
Qa4 Bb7 16. Rad1 Qc7 17. Be2 Rad8 18. Qc2 a5 19. Rd2 Rc8 20. Red1 Ba8 21. Ne5
Red8 22. Bf3 Nxe5 23. dxe5 Rxd2 24. Rxd2 Nd7 25. Rd6 c5 26. Bxa8 Rxa8 27. Qd3
Nf8 28. a4 Ng6 29. Kf1 Rb8 30. f4 Ne7 31. g4 Nc6 32. Rd7 Qc8 33. Qd6 Rb7 34.
Rxb7 Qxb7 35. Ke2 Nb4 36. Qd8+ Kh7 37. Qh4 Qe4 38. Qe1 Qxc4+ 39. Kf3 Nd3 40.
Qd2 Nxb2 41. Qxb2 Qxa4 42. Qxb6 c4 43. f5 Qd1+ 44. Kg3 c3 45. fxe6 Qg1+ 0-1

[Event "16. Bayer Open"]
[Site "Leverkusen"]
[Date "2018.01.15"]
[Round "2.39"]
[White "Hegmann, Werner"]
[Black "Klees, Robert"]
[Result "0-1"]
[WhiteElo "1743"]
[BlackElo "1575"]
[PlyCount "28"]
[EventDate "2018.??.??"]
[WhiteTeam "SV Opladen"]
[BlackTeam "SF Düsseldorf-Süd"]

1. e4 e5 2. Nf3 Nc6 3. Bc4 Nf6 4. Ng5 Bc5 5. Nxf7 Bxf2+ 6. Kxf2 Nxe4+ 7. Ke3
Qh4 8. g3 Nxg3 9. hxg3 Qxc4 10. Nxe5 Qd4+ 11. Kf3 Rf8+ 12. Kg2 Qf2+ 13. Kh3
Nxe5 14. Qh5+ Ng6 0-1

[Event "16. Bayer Open"]
[Site "Leverkusen"]
[Date "2018.01.15"]
[Round "2.40"]
[White "Hoferichter, Michael"]
[Black "Elsweiler, Karl-Heinz"]
[Result "1/2-1/2"]
[WhiteElo "1569"]
[BlackElo "1738"]
[PlyCount "57"]
[EventDate "2018.??.??"]
[WhiteTeam "Klub Kölner SF"]
[BlackTeam "SV Opladen"]

1. e4 d5 2. exd5 Qxd5 3. Nc3 Qa5 4. d4 c6 5. Nf3 Bg4 6. h3 Bh5 7. Bd2 Qd8 8.
Bc4 Nf6 9. O-O e6 10. Re1 Be7 11. Ne4 Nxe4 12. Rxe4 Nd7 13. c3 Nf6 14. Re1 O-O
15. g4 Bg6 16. Ne5 Nd7 17. Nxg6 hxg6 18. Qb3 Nb6 19. Bd3 Bg5 20. Qc2 Nd5 21.
Qc1 Bxd2 22. Qxd2 Qf6 23. Kh2 Rae8 24. Re5 b5 25. Kg3 a6 26. g5 Qd8 27. Rae1
Qd6 28. Qe2 Ne7 29. Kg2 1/2-1/2

[Event "16. Bayer Open"]
[Site "Leverkusen"]
[Date "2018.01.15"]
[Round "2.41"]
[White "Gülden, Ralf"]
[Black "Longerich, Hans-Peter"]
[Result "1/2-1/2"]
[WhiteElo "1722"]
[BlackElo "1551"]
[PlyCount "44"]
[EventDate "2018.??.??"]
[WhiteTeam "Königsspringer Leverkusen"]
[BlackTeam "SC Bayer Leverkusen"]

1. d4 d5 2. c4 c6 3. cxd5 cxd5 4. Nc3 Nf6 5. Nf3 Bf5 6. g3 e6 7. Bg2 Be7 8. O-O
Nc6 9. a3 O-O 10. Re1 h6 11. Bf4 Nh5 12. Bd2 Nf6 13. e3 Rc8 14. Rc1 Bd6 15. b4
Ne4 16. Nh4 Nxc3 17. Bxc3 Bh7 18. Bb2 b5 19. Rc3 Qd7 20. Bf1 a6 21. Nf3 Ne7 22.
Rxc8 Rxc8 1/2-1/2

[Event "16. Bayer Open"]
[Site "Leverkusen"]
[Date "2018.01.15"]
[Round "2.42"]
[White "Skiber, Friedel"]
[Black "Kolleck, Wolf-Dietrich"]
[Result "0-1"]
[WhiteElo "1695"]
[BlackElo "1546"]
[PlyCount "47"]
[EventDate "2018.??.??"]
[WhiteTeam "SG Solingen"]
[BlackTeam "SC Bayer Leverkusen"]

1. e4 e5 2. f4 d5 3. exd5 c6 4. Nc3 cxd5 5. fxe5 Nh6 6. Nf3 Be7 7. d4 Nf5 8.
Bb5+ Nc6 9. O-O O-O 10. Ne2 Qb6 11. Ba4 Be6 12. c3 Nh4 13. Bc2 Nxf3+ 14. Rxf3
Nxe5 15. Rf2 Ng4 16. Rf3 Bd6 17. Nf4 Rab8 18. g3 Nf6 19. h3 Rbc8 20. Re3 Bxf4
21. gxf4 Ne4 22. Kh2 Bf5 23. Bxe4 Bxe4 24. Qf1 0-1

[Event "16. Bayer Open"]
[Site "Leverkusen"]
[Date "2018.01.15"]
[Round "2.43"]
[White "Azimi, Reza"]
[Black "Stuch, Hans-Ferdinand"]
[Result "0-1"]
[WhiteElo "1546"]
[BlackElo "1693"]
[PlyCount "130"]
[EventDate "2018.??.??"]
[WhiteTeam "Schachuzipus Köln-Mülheim"]
[BlackTeam "Godesberger SK"]

1. e4 e5 2. Nf3 Nf6 3. Bc4 Nc6 4. Ng5 d5 5. exd5 Na5 6. Bb5+ c6 7. dxc6 bxc6 8.
Ba4 h6 9. Nf3 Bd6 10. d3 O-O 11. O-O Qc7 12. Bd2 Nb7 13. Nc3 Nc5 14. Bb3 Bg4
15. Bc4 e4 16. Nxe4 Ncxe4 17. dxe4 Bxh2+ 18. Kh1 Rad8 19. Bd3 Be5 20. Bc3 Bxc3
21. bxc3 Nxe4 22. c4 Rfe8 23. Kg1 Qf4 24. Re1 Ng5 25. Rxe8+ Rxe8 26. Be2 Bxf3
27. Bxf3 Nxf3+ 28. gxf3 Qxc4 29. a4 Qe6 30. a5 Qg6+ 31. Kf1 Qf6 32. Rb1 Qe6 33.
a6 Qc4+ 34. Qd3 Qxd3+ 35. cxd3 Re7 36. Rb7 Kf8 37. Kg2 f5 38. Kg3 g6 39. f4 Kf7
40. f3 Ke6 41. d4 Kd6 42. Rb8 c5 43. dxc5+ Kxc5 44. Rb7 Kd6 45. Rb8 Kc7 46. Rg8
Re6 47. Rh8 h5 48. Kh4 Rxa6 49. Kg5 Rd6 50. Rh7+ Kb6 51. Re7 a5 52. Re3 a4 53.
Ra3 Kb5 54. Ra1 Kb4 55. Re1 a3 56. Re2 Ra6 57. Ra2 Kb3 58. Ra1 a2 59. Re1 a1=Q
60. Rxa1 Rxa1 61. Kxg6 h4 62. Kxf5 h3 63. Kg4 h2 64. f5 h1=Q 65. f4 Rg1# 0-1

[Event "16. Bayer Open"]
[Site "Leverkusen"]
[Date "2018.01.15"]
[Round "2.44"]
[White "Becker, Johann"]
[Black "Hasanovic, Huzeir"]
[Result "0-1"]
[WhiteElo "1691"]
[BlackElo "1496"]
[PlyCount "52"]
[EventDate "2018.??.??"]
[WhiteTeam "TV Witzhelden"]
[BlackTeam "SV Opladen"]

1. e4 c5 2. Nc3 Nc6 3. Nf3 d6 4. Bc4 Nf6 5. d4 cxd4 6. Nxd4 a6 7. O-O g6 8. f3
Bg7 9. Be3 O-O 10. Qd2 Re8 11. Rad1 Ne5 12. Bb3 b5 13. a3 Bd7 14. Bh6 Bh8 15.
Nd5 Nxd5 16. Bxd5 Rc8 17. Bb7 Nc4 18. Qc1 Qb6 19. Bxc8 Bxd4+ 20. Rxd4 Qxd4+ 21.
Be3 Nxe3 22. Bxd7 Nxf1+ 23. Kxf1 Rd8 24. Bh3 e6 25. c3 Qd3+ 26. Kf2 d5 0-1